[Event "Indische Dame Münster 1 - SK Königsspri"]
[Site "Verbandsklasse 2015/2016"]
[Date "2016.03.12"]
[Round "7.4"]
[White "Tenberge, Norbert"]
[Black "Mense, Jens-Uwe"]
[Result "1/2-1/2"]
[WhiteElo "1832"]
[BlackElo "1801"]
[PlyCount "28"]
[EventDate "2016.??.??"]
[SourceDate "2015.10.31"]

1. c4 g6 2. d4 Bg7 3. Nf3 d6 4. e4 Nd7 5. Nc3 e5 6. d5 Ne7 7. Bd3 O-O 8. h4 Nc5
9. Bc2 Bg4 10. b4 Nd7 11. Bb2 f5 12. Qd2 Nb6 13. Bd3 fxe4 14. Nxe4 Rf4 1/2-1/2

[Event "Indische Dame Münster 1 - SK Königsspri"]
[Site "Verbandsklasse 2015/2016"]
[Date "2016.03.12"]
[Round "7.5"]
[White "Holstegge, Ludger"]
[Black "ter Veen, Michael"]
[Result "1-0"]
[WhiteElo "1819"]
[BlackElo "1755"]
[PlyCount "69"]
[EventDate "2016.??.??"]
[SourceDate "2015.10.31"]

1. Nf3 d5 2. g3 Nf6 3. Bg2 c6 4. O-O Bf5 5. b3 Nbd7 6. Bb2 e6 7. d3 Be7 8. Nbd2
h6 9. Re1 O-O 10. h3 Re8 11. e4 dxe4 12. dxe4 Bh7 13. Qe2 Qc7 14. c4 Red8 15.
a3 a5 16. e5 Ne8 17. Bf1 Nc5 18. Bd4 Rd7 19. Qe3 b6 20. b4 Na4 21. Qb3 axb4 22.
axb4 Qa7 23. Be2 Bxb4 24. Qxb4 c5 25. Qb5 cxd4 26. Bd1 Nc3 27. Rxa7 Rdxa7 28.
Qxb6 Ra1 29. Nb3 Rb1 30. Nfd2 Rb2 31. Qxd4 Nxd1 32. Rxd1 Raa2 33. Nc1 Bc2 34.
Nxa2 Rxa2 35. Ra1 1-0

[Event "Indische Dame Münster 1 - SK Königsspri"]
[Site "Verbandsklasse 2015/2016"]
[Date "2016.03.12"]
[Round "7.6"]
[White "Glotzbach, Thomas"]
[Black "Herding, Rudolf"]
[Result "1-0"]
[WhiteElo "1718"]
[BlackElo "1568"]
[PlyCount "61"]
[EventDate "2016.??.??"]
[SourceDate "2015.10.31"]

1. e4 c5 2. c3 Nc6 3. d4 cxd4 4. cxd4 e6 5. Nf3 Bb4+ 6. Bd2 Bxd2+ 7. Qxd2 Qa5
8. Qxa5 Nxa5 9. Nc3 a6 10. b4 Nc6 11. a3 Nge7 12. d5 exd5 13. exd5 Nd8 14. Bc4
O-O 15. O-O b5 16. Bb3 Bb7 17. Rfe1 Ng6 18. Ne4 Nf4 19. Rad1 f6 20. Nd6 Ng6 21.
Rc1 Nf4 22. Nxb7 Nxb7 23. Rc7 Nd6 24. Rxd7 Rfd8 25. Ree7 Rxd7 26. Rxd7 Rc8 27.
h3 Nc4 28. d6 Kf8 29. Nd4 Ke8 30. Rxg7 Nd2 31. d7+ 1-0

[Event "Indische Dame Münster 1 - SK Königsspri"]
[Site "Verbandsklasse 2015/2016"]
[Date "2016.03.12"]
[Round "7.7"]
[White "Keller, Hansjürgen"]
[Black "Dittberner, Markus"]
[Result "1/2-1/2"]
[WhiteElo "1583"]
[BlackElo "1642"]
[PlyCount "95"]
[EventDate "2016.??.??"]
[SourceDate "2015.10.31"]

1. d4 Nf6 2. Nf3 g6 3. c4 Bg7 4. Nc3 O-O 5. Bf4 d6 6. e3 Nbd7 7. h3 b6 8. Be2
Bb7 9. O-O Re8 10. Qc2 e5 11. dxe5 Nxe5 12. Nxe5 dxe5 13. Rad1 Qe7 14. Bg5 Qe6
15. Bxf6 Qxf6 16. e4 c6 17. Rd7 Re7 18. Rfd1 h5 19. R1d6 Qg5 20. Qd1 Rae8 21.
Rxe7 Rxe7 22. Qd2 Bh6 23. Qxg5 Bxg5 24. Bd1 Bc1 25. b3 Bb2 26. Ne2 Ba3 27. Rd8+
Kg7 28. Bc2 Kf6 29. Kf1 Ke6 30. Ng3 Rd7 31. Rxd7 Kxd7 32. Ke2 Ke6 33. Bd3 h4
34. Nf1 f5 35. Ne3 f4 36. Nc2 Bb2 37. Kf3 g5 38. Kg4 Kf6 39. Kf3 Bc8 40. Nb4
Bd7 41. Ke2 Bc3 42. Nc2 g4 43. hxg4 Bxg4+ 44. f3 Bd7 45. Na3 h3 46. gxh3 Bxh3
47. Nc2 a6 48. Kf2 1/2-1/2

[Event "Indische Dame Münster 1 - SK Königsspri"]
[Site "Verbandsklasse 2015/2016"]
[Date "2016.03.12"]
[Round "7.8"]
[White "Overesch, Dieter"]
[Black "Hols, Bernhard"]
[Result "0-1"]
[WhiteElo "1690"]
[BlackElo "1734"]
[PlyCount "70"]
[EventDate "2016.??.??"]
[SourceDate "2015.10.31"]

1. d4 d5 2. Nf3 Nf6 3. e3 Bg4 4. c3 e6 5. Nbd2 Bd6 6. Qb3 Qc8 7. c4 c6 8. Be2
Nbd7 9. O-O O-O 10. h3 Bh5 11. Re1 Re8 12. Qc2 e5 13. Nxe5 Nxe5 14. Bxh5 Nxh5
15. dxe5 Rxe5 16. Nf3 Rf5 17. Nd4 Re5 18. Nf3 Re4 19. Ng5 Qf5 20. Nxe4 dxe4 21.
f4 Ng3 22. Qf2 Qg6 23. Kh2 Nf5 24. g4 Ne7 25. Bd2 Qe6 26. Kg2 Qxc4 27. Qe2 Qe6
28. Bc3 Nd5 29. Qd2 Bc5 30. a3 Rd8 31. Bd4 Nxf4+ 32. exf4 Rxd4 33. Qc2 e3 34.
Qxc5 Qe4+ 35. Kg1 Rd2 0-1

[Event "Südlohner SV 2 - SK Gescher 1"]
[Site "Verbandsklasse 2015/2016"]
[Date "2016.03.12"]
[Round "7.1"]
[White "Eißing, Christoph"]
[Black "Sparwel, Oliver"]
[Result "1/2-1/2"]
[WhiteElo "2011"]
[BlackElo "1982"]
[PlyCount "37"]
[EventDate "2016.??.??"]
[SourceDate "2015.10.31"]

1. e4 d6 2. d4 Nf6 3. Nc3 g6 4. Be3 Bg7 5. Nf3 O-O 6. Qd2 c6 7. O-O-O b5 8. Bd3
Nbd7 9. Bh6 e5 10. dxe5 dxe5 11. h4 Bxh6 12. Qxh6 Ng4 13. Qd2 Qb6 14. Rdf1 h5
15. Nh2 Nxh2 16. Rxh2 Nc5 17. f3 b4 18. Ne2 Rd8 19. g4 1/2-1/2

[Event "Südlohner SV 2 - SK Gescher 1"]
[Site "Verbandsklasse 2015/2016"]
[Date "2016.03.12"]
[Round "7.2"]
[White "Richters, Alfred"]
[Black "Priebs, Ludger"]
[Result "1/2-1/2"]
[WhiteElo "1897"]
[BlackElo "1789"]
[PlyCount "38"]
[EventDate "2016.??.??"]
[SourceDate "2015.10.31"]

1. d4 d5 2. Bf4 Nf6 3. Nf3 c6 4. Nbd2 g6 5. e3 Bg7 6. Bd3 Bg4 7. c4 O-O 8. Qb3
Qc8 9. Rc1 Nbd7 10. h3 Bxf3 11. Nxf3 dxc4 12. Rxc4 Nd5 13. Bg3 N5b6 14. Rc2 Qe8
15. O-O e5 16. dxe5 Nxe5 17. Be2 Nxf3+ 18. Bxf3 Be5 19. Bxe5 Qxe5 1/2-1/2

[Event "Südlohner SV 2 - SK Gescher 1"]
[Site "Verbandsklasse 2015/2016"]
[Date "2016.03.12"]
[Round "7.3"]
[White "Lanfer, Stefanie"]
[Black "Harbers, Gerard"]
[Result "1/2-1/2"]
[WhiteElo "1810"]
[BlackElo "1856"]
[PlyCount "86"]
[EventDate "2016.??.??"]
[SourceDate "2015.10.31"]

1. e4 e6 2. Qe2 c5 3. f4 Nc6 4. Nf3 g6 5. d3 Bg7 6. Nbd2 Nge7 7. Nc4 d5 8. Nce5
O-O 9. Bd2 Qc7 10. O-O-O Nxe5 11. fxe5 Nc6 12. g3 Nd4 13. Nxd4 Qxe5 14. Bg2
Qxd4 15. Bc3 Qa4 16. Bxg7 Kxg7 17. exd5 Qxa2 18. Qe5+ f6 19. Qc7+ Rf7 20. Qxc5
Bd7 21. Qb4 Qa6 22. Rhe1 e5 23. h3 Rc8 24. Kb1 Qb5 25. Qxb5 Bxb5 26. c4 Ba4 27.
Rc1 b6 28. Ka2 a5 29. Ka3 Be8 30. b4 Ra7 31. b5 Rac7 32. Rb1 Kf7 33. Kb3 Rc5
34. Rb2 Bd7 35. Rbe2 Bf5 36. Re3 h5 37. Bf1 R5c7 38. Bg2 Rc5 39. Bf1 R5c7 40.
Kc3 Rd8 41. Kd2 Kf8 42. Bg2 Kf7 43. Rh1 Kg7 1/2-1/2

[Event "Südlohner SV 2 - SK Gescher 1"]
[Site "Verbandsklasse 2015/2016"]
[Date "2016.03.12"]
[Round "7.4"]
[White "Telöken, Stefan"]
[Black "Iking, Bernhard"]
[Result "1/2-1/2"]
[WhiteElo "1770"]
[BlackElo "1771"]
[PlyCount "103"]
[EventDate "2016.??.??"]
[SourceDate "2015.10.31"]

1. c4 Nf6 2. g3 c6 3. Nf3 g6 4. Bg2 Bg7 5. O-O d5 6. a4 O-O 7. Na3 Re8 8. d4
Nbd7 9. b4 Ne4 10. Bb2 a5 11. Qb3 axb4 12. Qxb4 Nb6 13. a5 Nxc4 14. Nxc4 dxc4
15. a6 Rxa6 16. Rxa6 bxa6 17. Qxc4 Qb6 18. Ba1 Be6 19. Qc2 Nd6 20. Ne5 Nb5 21.
Qxc6 Qxc6 22. Bxc6 Rd8 23. d5 Bc8 24. Rb1 Bf5 25. Rb4 Rb8 26. e4 Bc8 27. f4 f6
28. Nf3 Kf7 29. Nd4 Bh3 30. Nxb5 axb5 31. Bxb5 Bd7 32. Bxd7 Rxb4 33. Be6+ Kf8
34. Bc3 Rxe4 35. f5 Rc4 36. Bb2 Rc2 37. Ba3 Ra2 38. Bxe7+ Kxe7 39. d6+ Kxd6 40.
Bxa2 gxf5 41. Kf2 Ke5 42. Kf3 Bf8 43. Bb1 h6 44. h3 Ba3 45. g4 f4 46. Bg6 Bb4
47. Bh5 f5 48. Bg6 fxg4+ 49. hxg4 Be1 50. Bh5 Bg3 51. Be8 Kf6 52. Bh5 1/2-1/2

[Event "Südlohner SV 2 - SK Gescher 1"]
[Site "Verbandsklasse 2015/2016"]
[Date "2016.03.12"]
[Round "7.5"]
[White "Stein, Michael"]
[Black "Schmeing, Manfred"]
[Result "0-1"]
[WhiteElo "1706"]
[BlackElo "1746"]
[PlyCount "42"]
[EventDate "2016.??.??"]
[SourceDate "2015.10.31"]

1. e4 g6 2. d4 Bg7 3. Nc3 d6 4. g3 Nc6 5. Nge2 e5 6. Be3 Bg4 7. h3 Bf3 8. Rg1
exd4 9. Bg2 Bxe2 10. Qxe2 dxc3 11. O-O-O Qe7 12. f4 cxb2+ 13. Kb1 Nf6 14. e5
dxe5 15. fxe5 Nd7 16. e6 fxe6 17. Rgf1 Rf8 18. Qb5 Rxf1 19. Rxf1 Nd4 20. Qxb7
Rb8 21. Qxc7 Nb5 0-1

[Event "Südlohner SV 2 - SK Gescher 1"]
[Site "Verbandsklasse 2015/2016"]
[Date "2016.03.12"]
[Round "7.6"]
[White "Musholt, Joachim"]
[Black "Robers, Frank"]
[Result "1/2-1/2"]
[WhiteElo "1668"]
[BlackElo "1701"]
[PlyCount "44"]
[EventDate "2016.??.??"]
[SourceDate "2015.10.31"]

1. d4 Nf6 2. Nf3 e6 3. c4 b6 4. e3 Bb7 5. Bd3 Bb4+ 6. Nbd2 O-O 7. O-O d5 8. b3
Nbd7 9. Bb2 Ne4 10. a3 Bd6 11. Ne5 f5 12. f4 Ndf6 13. Bxe4 Bxe5 14. Bxf5 exf5
15. fxe5 Ng4 16. Qe2 Qg5 17. Nf3 Qxe3+ 18. Qxe3 Nxe3 19. Rfc1 Rac8 20. c5 f4
21. Rc3 h6 22. Bc1 Nf5 1/2-1/2

[Event "Südlohner SV 2 - SK Gescher 1"]
[Site "Verbandsklasse 2015/2016"]
[Date "2016.03.12"]
[Round "7.7"]
[White "Frieske, Hilmar"]
[Black "Emming, Benedikt"]
[Result "1/2-1/2"]
[WhiteElo "1776"]
[BlackElo "1726"]
[PlyCount "98"]
[EventDate "2016.??.??"]
[SourceDate "2015.10.31"]

1. e4 c5 2. Nf3 Nf6 3. Nc3 e6 4. d4 cxd4 5. Nxd4 Bb4 6. Bg5 Bxc3+ 7. bxc3 Qa5
8. Bd2 O-O 9. Bd3 a6 10. O-O d6 11. f4 e5 12. fxe5 dxe5 13. Nf5 Bxf5 14. Rxf5
Nbd7 15. Qf3 Rfe8 16. Qg3 Qc5+ 17. Kh1 Qd6 18. Raf1 Kh8 19. Bg5 Rac8 20. c4 Rc6
21. Be3 Nc5 22. Bxc5 Qxc5 23. R5f3 Qa3 24. Ra1 Rb6 25. Qe1 Rb2 26. Be2 Qa4 27.
Rb3 Rxa2 28. Rxa2 Qxa2 29. Rxb7 Qxc2 30. Rxf7 Nxe4 31. Qf1 Nf6 32. Ra7 Qa4 33.
c5 Qd4 34. Rc7 Ne4 35. g3 Nf2+ 36. Kg2 Rf8 37. Bf3 h6 38. Qxf2 Qxf2+ 39. Kxf2
e4 40. Ra7 Rxf3+ 41. Ke2 Rc3 42. Rxa6 Rxc5 43. Ke3 Rc2 44. Kxe4 Rxh2 45. Kf5
Rh5+ 46. Kf4 Kh7 47. Ra7 Rb5 48. Ra4 h5 49. Rc4 Kh6 1/2-1/2

[Event "Südlohner SV 2 - SK Gescher 1"]
[Site "Verbandsklasse 2015/2016"]
[Date "2016.03.12"]
[Round "7.8"]
[White "Schuurmans, Han"]
[Black "Brands, Julian"]
[Result "0-1"]
[WhiteElo "1588"]
[BlackElo "1527"]
[PlyCount "52"]
[EventDate "2016.??.??"]
[SourceDate "2015.10.31"]

1. e4 c5 2. c3 d6 3. Nf3 Nf6 4. e5 dxe5 5. Nxe5 Nbd7 6. Bb5 a6 7. Bxd7+ Bxd7 8.
Qb3 Be6 9. Qc2 Qd5 10. Nf3 Bf5 11. Qa4+ b5 12. Qf4 e6 13. O-O Bd6 14. Qh4 Bg4
15. Ng5 h6 16. d4 Ke7 17. c4 Qxc4 18. dxc5 Bc7 19. g3 hxg5 20. Qxg5 Rh5 21. Qe3
Rah8 22. h4 g5 23. b3 Qd5 24. Bb2 gxh4 25. Nc3 Qh1+ 26. Kxh1 hxg3+ 0-1